000 00462nam a2200169Ia 4500
999 _c12465
_d12465
003 OSt
005 20201028125043.0
008 190216s9999||||xx |||||||||||||| ||und||
040 _coclc
082 _a823.912
_bGOL/J
100 _aGoldberg, S L
_96149
245 0 _aJoyce /
_cS L Goldberg
260 _bOliver And Boyd,
_c1965.
_aLondon:
300 _a120p
650 _aEnglish Essay
942 _cBK
_2ddc
_h823.912
_iGOL/J
_k823.912
_mGOL/J